000 01404nam a2200385 a 4500
001 ebr10427047
003 CaPaEBR
006 m u
007 cr cn|||||||||
008 090911s2009 enka sb 001 0 eng
010 _z 2009281507
015 _aGBA904458
_2bnb
016 7 _z014877776
_2Uk
020 _z9780826492135
020 _z0826492134
020 _z9780826492517 (pbk.)
020 _z0826492517 (pbk.)
040 _aCaPaEBR
_cCaPaEBR
035 _a(OCoLC)676698664
050 1 4 _aP302
_b.G86 2009eb
082 0 4 _a401.41
_222
100 1 _aGunnarsson, Britt-Louise.
245 1 0 _aProfessional discourse
_h[electronic resource] /
_cBritt-Louise Gunnarsson.
260 _aLondon ;
_aNew York :
_bContinuum,
_cc2009.
300 _aviii, 275 p. :
_bill.
490 1 _aContinuum discourse series
504 _aIncludes bibliographical references (p. 255-265) and index.
533 _aElectronic reproduction.
_bPalo Alto, Calif. :
_cebrary,
_d2013.
_nAvailable via World Wide Web.
_nAccess may be limited to ebrary affiliated libraries.
650 0 _aDiscourse analysis.
650 0 _aProfessional employees
_xLanguage.
655 7 _aElectronic books.
_2local
710 2 _aebrary, Inc.
830 0 _aContinuum discourse series.
856 4 0 _uhttp://site.ebrary.com/lib/rucke/Doc?id=10427047
_zAn electronic book accessible through the World Wide Web; click to view
999 _c144066
_d144066